Richest Metro Cities In The U.S. - Statistics

General Stats
  • This quiz has been taken 454 times
  • The average score is 9 of 17
Answer Stats
Household Income Answer Unemployment Rate % Correct
$71,897 New York 4.4%
97%
$96,677 San Francisco/Oakland 2.7%
92%
$82,380 Boston 3.4%
88%
$78,612 Seattle/Tacoma 3.9%
88%
$95,843 Washington D.C. 3.6%
81%
$71,926 Denver 2.8%
74%
$110,040 San Jose 2.7%
70%
$73,231 Minneapolis/St. Paul 3.3%
65%
$80,513 Honolulu 1.9%
56%
$76,788 Baltimore 4.6%
55%
$72,559 Hartford 4.7%
51%
$82,203 Anchorage 7.2%
42%
$71,685 Raleigh/Durham 3.8%
42%
$77,650 Trenton 4.0%
13%
$76,254 Manchester 2.8%
11%
$77,328 Fairbanks 6.9%
9%
$74,615 Boulder 2.5%
7%
No matching quizzes found
Score Distribution
Percent of People with Each Score
Percentile by Number Answered
Your Score History
You have not taken this quiz